000 00664nam a2200181Ia 4500
003 Ost
005 20260507075701.0
008 260507s9999||||xx |||||||||||||| ||und||
040 _cfsecg
041 _aara
100 _aالسيفو، وليد اسماعيل
_eمؤلف
245 0 _aالاقتصاد السياسي التحليلي /
_c وليد اسماعيل السيفو
260 _aعمان:
_bدار مجدلاوي للنشر و التوزيع,
_c2003
300 _a562 صفحة؛
653 _aاقتصاد قياسي،تحليل رياضي،اقتصاد مالي
700 _aمحمد، مشعل احمد
_eمؤلف ثانوي
942 _cكتاب
999 _c45829
_d45829